MARC details
| 000 -CABECERA |
| campo de control de longitud fija |
03262nam a2200301 a 4500 |
| 003 - IDENTIFICADOR DEL NÚMERO DE CONTROL |
| campo de control |
OSt |
| 005 - FECHA Y HORA DE LA ÚLTIMA TRANSACCIÓN |
| campo de control |
20251104105455.0 |
| 007 - CAMPO FIJO DE DESCRIPCIÓN FÍSICA--INFORMACIÓN GENERAL |
| campo de control de longitud fija |
cr ||||||a|c|a |
| 008 - DATOS DE LONGITUD FIJA--INFORMACIÓN GENERAL |
| campo de control de longitud fija |
230525s2019 mx a|||fom||| 001 0 spa d |
| 040 ## - FUENTE DE LA CATALOGACIÓN |
| Normas de descripción |
rda |
| 100 1# - ENTRADA PRINCIPAL--NOMBRE DE PERSONA |
| 9 (RLIN) |
131845 |
| Nombre de persona |
Cruz Pérez, José Clemente |
| 245 13 - MENCIÓN DE TÍTULO |
| Título |
El proceso político en el diseño e implementación del programa PROCAFE / |
| Mención de responsabilidad, etc. |
José Clemente Cruz Pérez; director de tesis Enrique Genaro Martínez González. |
| 264 #1 - PRODUCCIÓN, PUBLICACIÓN, DISTRIBUCIÓN, FABRICACIÓN Y COPYRIGHT |
| Producción, publicación, distribución, fabricación y copyright |
Chapingo, México : |
| Nombre del de productor, editor, distribuidor, fabricante |
El autor, |
| Fecha de producción, publicación, distribución, fabricación o copyright |
2019. |
| 300 ## - DESCRIPCIÓN FÍSICA |
| Extensión |
1 recurso en línea (160 páginas): |
| Otras características físicas |
figuras y cuadros. |
| 336 ## - TIPO DE CONTENIDO |
| Fuente |
rdacontent |
| Término de tipo de contenido |
texto |
| Código de tipo de contenido |
txt |
| 337 ## - TIPO DE MEDIO |
| Fuente |
rdamedia |
| Nombre/término del tipo de medio |
computadora |
| Código del tipo de medio |
c |
| 338 ## - TIPO DE SOPORTE |
| Fuente |
rdacarrier |
| Nombre/término del tipo de soporte |
recurso en línea |
| Código del tipo de soporte |
cr |
| 502 ## - NOTA DE TESIS |
| Tipo de título |
Maestría en Ciencias en Estrategia Agroempresarial |
| Nombre de la institución que otorga el título |
Universidad Autónoma Chapingo. Centro de Investigaciones Económicas, Sociales y Tecnológicas de la Agroindustria y la Agricultura Mundial, |
| Año de obtención del título |
2019. |
| Información miscelánea |
Maestría |
| 504 ## - NOTA DE BIBLIOGRAFÍA, ETC. |
| Nota de bibliografía, etc. |
Incluye referencias bibliográficas: páginas 136-144. |
| 520 ## - SUMARIO, ETC. |
| Sumario, etc. |
El objetivo de la investigación fue analizar el proceso político en el diseño e implementación del PROCAFE (2015-2018), utilizando un enfoque de ciclo de políticas públicas; con el objetivo de proponer elementos que mejoren el desempeño futuro de este tipo de iniciativas. El ciclo de políticas públicas consta de tres etapas: diseño, implementación y evaluación. El diseño se analizó a partir de la comprensión del problema y su respectivo complejo causal, así como de las alternativas formuladas. La implementación se examinó mediante la identificación de las acciones promovidas por los actores responsables del PROCAFE, considerando las adecuaciones realizadas a través del tiempo. Finalmente, en la evaluación se discuten los cambios logrados en indicadores relacionados con el objetivo del PROCAFE, como el índice de adopción de innovaciones (InAI). Se sistematizó y analizó información de distintas fuentes: libros, artículos, informes internos y oficiales del PROCAFE. Además, se analizó una base de datos con 18,790 unidades de producción familiar (UPF) así como variables que incluyeron sus características e información de las innovaciones promovidas, del periodo 2015 a 2018 en 14 estados del país. El problema y complejo causal que originó el diseño del PROCAFE tuvo como narrativa la caída de la producción por la incidencia de la roya y la deficiente estructura de las plantaciones (con una elevada proporción de plantas viejas), razón por la cual la alternativa se orientó a brindar servicios de asesoría, apoyo en insumos, plantas para renovar los cafetales y combatir la Roya (Hemileia vastatrix). Ello explica que entre las innovaciones con mayor adopción figure la renovación de cafetales con un InAI del 52% en el 2018, seguida por las actividades de rehabilitación, manejo productivo (podas) y manejo de sombra. Debido a esta situación, el PROCAFE obtuvo resultados limitados en el área comercial y el acceso a mercados diferenciados. |
| 650 #4 - PUNTO DE ACCESO ADICIONAL DE MATERIA--TÉRMINO DE MATERIA |
| 9 (RLIN) |
160206 |
| Término de materia o nombre geográfico como elemento de entrada |
Café |
| Subdivisión general |
Cultivos y medios de cultivo |
| 650 #4 - PUNTO DE ACCESO ADICIONAL DE MATERIA--TÉRMINO DE MATERIA |
| 9 (RLIN) |
187193 |
| Término de materia o nombre geográfico como elemento de entrada |
Café |
| Subdivisión general |
Programas de desarrollo |
| 650 #4 - PUNTO DE ACCESO ADICIONAL DE MATERIA--TÉRMINO DE MATERIA |
| 9 (RLIN) |
17196 |
| Término de materia o nombre geográfico como elemento de entrada |
Café |
| Subdivisión general |
Rendimiento |
| 650 #4 - PUNTO DE ACCESO ADICIONAL DE MATERIA--TÉRMINO DE MATERIA |
| 9 (RLIN) |
160737 |
| Término de materia o nombre geográfico como elemento de entrada |
Café |
| Subdivisión general |
Tecnología de procesamiento |
| 700 1# - PUNTO DE ACCESO ADICIONAL--NOMBRE DE PERSONA |
| 9 (RLIN) |
72090 |
| Nombre de persona |
Martínez González, Enrique Genaro |
| Término indicativo de función/relación |
director. |
| 856 ## - LOCALIZACIÓN Y ACCESO ELECTRÓNICOS |
| Identificador Uniforme del Recurso |
http://10.13.5.2/tesis/tm/Cruz_Perez_Jose_Clemente.pdf |
| Nota pública |
DESCARGAR PDF |
| 942 ## - ELEMENTOS DE PUNTO DE ACCESO ADICIONAL (KOHA) |
| Fuente del sistema de clasificación o colocación |
Clasificación Universidad Autónoma Chapingo |
| Tipo de ítem Koha |
Tesis digital |